00666nam a2200241 a 4500001001300000003000900013005001700022008004100039020001000080082001300090100001800103245004200121260004800163300000800211500003500219505001300254650001600267700001800283902000800301942000700309952009300316999001500409nice12345678IN_TiNIC20260116011428.0050524s1923 laha grp 000 0 urd  ac10000a239bRIC aRichards, J W aChipa Hua Khazanab Hidden Treasurer. aLahorebPunjab Religious Booksociety c1923 a57p aincludes index and biblioraphy2 aAppendix aApologetics1 aRichards, J W bSRS cBK 00104070aHMIbHMId2007-06-22g100.00l0o239 RICp4198r2007-06-22w2026-01-16yARB c1444d1444